Capitales en fonction des drapeaux 2 - Statistiques

Statistiques générales
  • Ce quiz a été pris 41 fois
  • Le résultat moyen est 11 sur 16
Statistiques - réponses
Par images Réponse % Correct
Paris
95%
Canberra
93%
Rome
93%
Monaco
90%
Oslo
90%
Teheran
83%
Vaduz
83%
Vienne
83%
Guatemala
80%
Ljubljana
80%
La Paz / Sucre
68%
Niamey
56%
Porto Novo
49%
Gaborone
46%
Basseterre
27%
Honiara
20%
Aucun quiz correspondant
Distribution des résultats
% des personnes avec chaque résultat
Percentile par nombre de réponses
Votre historique - résultats
Vous n’avez pas pris ce quiz